Science in the cause of man. (Запис № 546255)

МАРК-запис
000 -LEADER
fixed length control field 01331cam a2200337I 4500
001 - CONTROL NUMBER
control field scienceincauseof00pielrich
003 - CONTROL NUMBER IDENTIFIER
control field CaSfIA
005 - DATE AND TIME OF LATEST TRANSACTION
control field 20210119080631.0
007 - PHYSICAL DESCRIPTION FIXED FIELD--GENERAL INFORMATION
fixed length control field cr||||
008 - FIXED-LENGTH DATA ELEMENTS--GENERAL INFORMATION
fixed length control field 721003s1962 nyu 000 0 eng c
010 ## - LIBRARY OF CONGRESS CONTROL NUMBER
LC control number 62014760
040 ## - CATALOGING SOURCE
Original cataloging agency OUN
Transcribing agency OUN
Modifying agency DRB
-- AU@
-- NIALS
-- CaSfIA
035 ## - SYSTEM CONTROL NUMBER
System control number (OCoLC)421651
050 00 - LIBRARY OF CONGRESS CALL NUMBER
Classification number CB151
Item number .P53 1962
082 00 - DEWEY DECIMAL CLASSIFICATION NUMBER
Classification number 901.9
029 1# - (OCLC)
OCLC library identifier NLGGC
System control number 059303360
029 1# - (OCLC)
OCLC library identifier NLGGC
System control number 198206070
029 1# - (OCLC)
OCLC library identifier NZ1
System control number 6941445
029 1# - (OCLC)
OCLC library identifier AU@
System control number 000010760410
100 1# - MAIN ENTRY--PERSONAL NAME
Personal name Piel, Gerard.
245 10 - TITLE STATEMENT
Title Science in the cause of man.
Medium [electronic resource]
250 ## - EDITION STATEMENT
Edition statement 2d ed., rev. and enl.
260 ## - PUBLICATION, DISTRIBUTION, ETC. (IMPRINT)
Place of publication, distribution, etc New York,
Name of publisher, distributor, etc Knopf,
Date of publication, distribution, etc 1962.
300 ## - PHYSICAL DESCRIPTION
Extent 337 p.
Dimensions 22 cm.
506 ## - RESTRICTIONS ON ACCESS NOTE
Standardized terminology for access restriction Необхідна авторизація на https://archive.org/ (створення облікового запису безкоштовно)
506 ## - RESTRICTIONS ON ACCESS NOTE
Standardized terminology for access restriction Необхідна авторизація на https://openlibrary.org/ (створення облікового запису безкоштовно)
650 #0 - SUBJECT ADDED ENTRY--TOPICAL TERM
Topical term or geographic name as entry element Science and civilization.
856 41 - ELECTRONIC LOCATION AND ACCESS
Uniform Resource Identifier <a href="http://www.archive.org/details/scienceincauseof00pielrich">http://www.archive.org/details/scienceincauseof00pielrich</a>
Public note Free eBook from the Internet Archive
856 42 - ELECTRONIC LOCATION AND ACCESS
Uniform Resource Identifier <a href="http://www.openlibrary.org/books/OL5853764M">http://www.openlibrary.org/books/OL5853764M</a>
Public note Additional information and access via Open Library
942 ## - ADDED ENTRY ELEMENTS (KOHA)
Koha item type ЕКнига

Немає доступних примірників.